000 00904nam a22002537a 4500
999 _c64401
_d64401
005 20240530110729.0
008 180505s2007 ua a g b 000 0 ara d
017 _a2007/23748
_bمصر. دار الكتب
020 _a9789774521003
040 _aEG-CaGPL
_cEG-CaGPL
082 0 4 _221
_a071.92 \
_bخ أ
100 0 _aخالد عزب
245 1 0 _aاخبار اليوم :
_bمدرسة صحفية مصرية /
_cالمحرر خالد عزب ؛ اشراف وتقديم اسماعيل سراج الدين .
250 _aط.1
260 _aالاسكندرية :
_c2007 .
300 _a420 ص. ؛
_c28 سم.
650 0 7 _2qrmak
_aالصحف المصرية
650 0 7 _2qrmak
_aاخبار اليوم
650 0 7 _2qrmak
_aالصحافة المصرية
650 0 7 _2qrmak
_aالطباعة
_xتاريخ
651 _2qrmak
942 _2ddc
_cBK